1810 1140 1844 1102 1350 1801 1009 1780 1371 1553 1293 1730 1306 1353 1077 1461 1611 1831 1824 1822 1950 1479 1586 1853 1430 1170 1282 1296 1922 1933 1873 1887 1995 1940 1650 1992 1383 1560 1729 1927 1819 1883 1998 1690 1829 1919 1015 1186 1522 1827 1886 1772 1288 1239 1744 1176 1262 1664 1237 1178 1976 1768 1902 1000 1078 1595 1646 1234 1698 1952 1638 1003 1185 1160 1020 1488 1435 1988 1208 1761 1816 1251 1722 1396 1958 1861 1474 1496 1531 1081 1994 1547 1825 1767 1523 1319 1882 1800 1055 BCNSPRNW ULIB Ver.6.0+V

เปลี่ยนเป็นภาษาไทย

Change to English
 แสดงรายละเอียดบรรณานุกรม
  กลับหน้าหลัก

Brief Record : Get Marc (ISO 2709) : E-mail record : QR code < ปิดหน้าต่าง
LEADER : 00000nam 2200000uu 4500
001    13399111994
003     ULIB
008    110719s2550||||th 000 0 tha d
020    9789748418643
020    9789748418636
099    นว.^bค949ส 2550
100 1  โยชิคาวะ, เอจิ
245 10 สามก๊ก 2 ขอพบสามหน/^cเอจิ โยชิคาวะ, เรื่อง ; จัน สัมฤทธิ์, แปล
250    พิมพ์ครั้งที่ 2
260    กรุงเทพฯ :^bอมรินทร์คอมมิกส์,^c2550
300    เล่ม
505 0  ล. 2. ขอพบสามหน -- ล. 3. ศึกผาแดง
650  4 สามก๊ก^xการ์ตูน
650  4 วรรณกรรมสำหรับเด็ก
650  4 วรรณกรรมจีน^xการ์ตูน
651  4 จีน^xประวัติศาสตร์^xการ์ตูน
700 0  จัน สัมฤทธิ์
945    ^p149^l0^i022050
995     เกษร
999 ^a ใช้งานได้ทุกระบบ
รายการนี้ยังไม่มีแท็ก
คุณยังไม่ได้ล็อกอิน คุณสามารถมีกิจกรรมร่วมกับเว็บไซต์ได้ แต่ต้องล็อกอินก่อน ::
  ล็อกอิน

รายการสื่อสารสนเทศ

ลำดับที่ ประเภท เลขเรียก/บาร์โค้ด สถานที่ สถานะ
1. นวนิยาย
นวนิยาย
นว. ค949ส 2550  
  Barcode: 022050
ห้องสมุดวิทยาเขตสวรรค์ประชารักษ์
►นวนิยาย
บนชั้น
  ขอยืม

รายการใกล้เคียง
    ผู้แต่ง [โยชิคาวะ, เอจิ]

    หัวเรื่อง [วรรณกรรมสำหรับเด็ก]

BibComment


ยังไม่เคยถูกคอมเมนท์

คอมเมนท์ทรัพยากรรายการนี้
  คอมเมนท์: สามก๊ก 2 ขอพบสามห..


 Copyright 2026. Bcnsprnw @Library